000 01735nam a2200253Ia 4500
999 _c38018
_d38018
001 4003
003 GE_BSU
005 20190827144114.0
008 181216s1992||||ge |||||||||||||| ||geo||
040 _cGE_BSU
041 _ageo
080 _a340.1(075.8) ს–32
245 _aსაქართველოს რესპუბლიკის სახელმწიფოსა და სამართლის საფუძვლები :
_b ნაწ. 3. : დამხმარე სახელმძღვანელო /
_cავტ.: ლ. ადეიშვილი, ზ. ახვლედიანი, რ. შენგელია და სხვა ; რედ.: გ. ინწკირველი.
264 _aთბ. :
_bგანათლება,
_c1992.
300 _a86 გვ. ;
_b21 სმ.
520 _aწიგნში ზოგადად განხილულია სამართლის ცალკეული დარგების ძირითადი საკითხები შესაბამის კანონებში მომხდარი ცვლილებების გათვალისწინებით
653 _a საქართველოს სახელმწიფოს თეორია
653 _aქართული სამართალი
700 _aადეიშვილი, ლ.
_eავტორი
_93807
700 _aახვლედიანი, ზ.
_eავტორი
_93808
700 _a შენგელია, რ. და სხვ.
_eავტორი
_93809
700 _aინწკირველი, გ.
_eრედაქტორი
_91293
942 _cBK
_2udc